Not 'adverse' possession (Record no. 71183)
[ view plain ]
| 000 -LEADER | |
|---|---|
| fixed length control field | 01086cam a2200229 4500 |
| 001 - CONTROL NUMBER | |
| control field | ABS65980 |
| 008 - FIXED-LENGTH DATA ELEMENTS--GENERAL INFORMATION | |
| fixed length control field | 020920n2002 000 0 eng u |
| 035 ## - SYSTEM CONTROL NUMBER | |
| System control number | (Sirsi) u119756 |
| 100 ## - MAIN ENTRY--PERSONAL NAME | |
| Personal name | Webber, G |
| 245 ## - TITLE STATEMENT | |
| Title | Not 'adverse' possession |
| 260 ## - PUBLICATION, DISTRIBUTION, ETC. | |
| Date of publication, distribution, etc. | 2002 |
| 490 ## - SERIES STATEMENT | |
| Series statement | Solicitors' Journal |
| Volume/sequential designation | 146(28) 19 July 2002, 652-653(2) |
| 520 ## - SUMMARY, ETC. | |
| Summary, etc. | Reports on the House of Lords' decision in "J A Pye(Oxford) Ltd v Graham" which examined whether a trespasser 'possessed' the land for the requisite period using the ordinary meaning of the word. Decision concluded that even if a person is in possession with the consent of the owner, he does not have sufficient possession for the purposes of the Limitation Act 1980. However, the Land Registration Act 2002, which comes into force in 2003, will radically change this position. |
| 590 ## - LOCAL NOTE (RLIN) | |
| Local note | ABS |
| 650 ## - SUBJECT ADDED ENTRY--TOPICAL TERM | |
| Topical term or geographic name entry element | JA PYE (OXFORD) LTD V GRAHAM |
| 650 ## - SUBJECT ADDED ENTRY--TOPICAL TERM | |
| Topical term or geographic name entry element | LIMITATION ACT 1980 |
| 650 ## - SUBJECT ADDED ENTRY--TOPICAL TERM | |
| Topical term or geographic name entry element | ADVERSE POSSESSION |
| 650 ## - SUBJECT ADDED ENTRY--TOPICAL TERM | |
| Topical term or geographic name entry element | SQUATTERS |
| 650 ## - SUBJECT ADDED ENTRY--TOPICAL TERM | |
| Topical term or geographic name entry element | LAND REGISTRATION ACT 2002 |
| 690 ## - LOCAL SUBJECT ADDED ENTRY--TOPICAL TERM (OCLC, RLIN) | |
| Topical term or geographic name as entry element | PROPERTY AND LAND LAW-CASE LAW |
| 942 ## - ADDED ENTRY ELEMENTS (KOHA) | |
| Suppress in OPAC | 0 |
| Withdrawn status | Lost status | Source of classification or shelving scheme | Damaged status | Not for loan | Home library | Current library | Shelving location | Date acquired | Total Checkouts | Full call number | Barcode | Date last seen | Copy number | Price effective from | Koha item type |
|---|---|---|---|---|---|---|---|---|---|---|---|---|---|---|---|
| Dewey Decimal Classification | London | London | Journal article | 20/09/2002 | ABS65980 | 119756-1001 | 06/08/2019 | 1 | 06/08/2019 | Journal article |